| 000 | 00000nam##2200000za#4500 |
| 001 | 9.697243 |
| 003 | CaOODSP |
| 005 | 20210624235407 |
| 007 | cr ||||||||||| |
| 008 | 150407|2007||||xxc|||||o f|0| 0 eng|d |
| 040 | |aCaOODSP|beng |
| 043 | |an-cn--- |
| 086 | 1 |aM114-34/2007E-PDF |
| 110 | 1 |aCanada. |bNatural Resources Canada. |
| 245 | 10|aUnderstanding users' needs and user-centered design / |h[electronic resource]|c[by] GeoConnections. |
| 260 | |aOttawa - Ontario : |bNatural Resources Canada |cJuly 2007. |
| 300 | |a68p.|bfigs., graphs, tables |
| 504 | |aBibliography. |
| 590 | |a13-03-Supp|b2013-02-11 |
| 690 | 07|aGeographic information systems|2gcpds |
| 775 | 08|tComprendre les processus de l'évaluation des besoins des utilisateurs et de la conception centrée sur l'utilisateur / |w(CaOODSP)9.641304 |
| 856 | 40|ahttp://publications.gc.ca|qPDF|s1.14 MB|uhttps://publications.gc.ca/collections/collection_2013/rncan-nrcan/M114-34-2007-eng.pdf |